| 000 | 00594nam a22001937a 4500 | ||
|---|---|---|---|
| 005 | 20230607081126.0 | ||
| 008 | 230110b |||||||| |||| 00| 0 eng d | ||
| 020 | _a978-971-9617-56-3 | ||
| 082 | _aG.S. 519.5 D286 2015 | ||
| 100 |
_aDe Belen, Rustico T. _eauthor |
||
| 245 |
_aBasic statistics for research / _cRustico T. De Belen, Joel P. Feliciano |
||
| 250 | _a1st ed. | ||
| 260 |
_aQuezon City: _bWiseman's Books Trading, _cc2015. |
||
| 300 |
_av, 160p.: _bill. |
||
| 504 | _aIncludes bibliographies | ||
| 541 | _e4421 | ||
| 650 | _aStatistics | ||
| 700 |
_aFeliciano, Joel P. _eauthor |
||
| 999 |
_c499 _d499 |
||